banner koha

Os segredos da mente milionária : (Registro n. 259863)

MARC details
000 -LÍDER
Campo de controle fixo 00865nam a22002777a 4500
001 - NÚMERO DE CONTROLE
Número de controle BS2023000537
003 - CÓDIGO MARC DA AGÊNCIA CATALOGADORA
Campo de controle BR-BrBNA
005 - DATA E HORA DA ÚLTIMA ATUALIZAÇÃO
Campo de controle 20231206141607.0
008 - CAMPO DE TAMANHO FIXO
Campo fixo de controle 231206b bl.||||| |||| 00| 0 por d
020 ## - ISBN - INTERNATIONAL STANDARD BOOK NUMBER
ISBN 85-7542-239-1
040 ## - FONTE DA CATALOGAÇÃO
Agência catalogadora BR-BrBNA
Idioma da catalogação por
041 ## - CÓDIGO DO IDIOMA
Código do Idioma por
072 ## - CATEGORIA DE CLASSIFICAÇÃO
Código da categoria de assunto E11
100 1# - ENTRADA PRINCIPAL - NOME PESSOAL
Código de relação aut.
Nome pessoal Eker, T. Harv.
245 ## - TÍTULO PRINCIPAL
Título principal Os segredos da mente milionária :
Subtítulo aprenda a enriquecer mudando seus conceitos sobre o dinheiro e adotando os hábitos das pessoas bem-sucedidas /
Indicação de responsabilidade T. Harv Eker ; [tradução Pedro Jorgensen Junior]. -
260 ## - IMPRENTA (PUBLICAÇÃO, DISTRIBUIÇÃO, ETC.)
Lugar de publicação, distribuição, etc. Rio de Janeiro :
Nome do editor, distribuidor, etc. Sextante,
Data de publicação, distribuição, etc 2006.
300 ## - DESCRIÇÃO FÍSICA
Extensão 175p. ;
500 ## - NOTA GERAL
Notas gerais Tradução de: Secrets of the millionaire mind.
650 ## - ASSUNTO
Cabeçalho tópico ou nome geográfico PSICOLOGIA
650 ## - ASSUNTO
Cabeçalho tópico ou nome geográfico RIQUEZA
650 ## - ASSUNTO
Cabeçalho tópico ou nome geográfico SUCESSO
909 ## - IDENTIFICAÇÃO DO CATALOGADOR
Ano e mês da catalogação (aaaamm) 202312
Identificação do catalogador Layla
300 ## - DESCRIÇÃO FÍSICA
Dimensões 21cm.
942 ## - TIPO ESPECÍFICO
Tipo de material Livros
Exemplares
Status de empréstimo Fonte de classificação Status de danificação Não pode ser emprestado Localização permanente Localização atual Total Checkouts Número de chamada Código de barras Date last seen Tipo de material Perdido Data de aquisição Fonte de aquisição Qualificador de localização codificada Preço Número de inventário Preço para reposição Preço efetivo a partir de
  Classificação AGRIS     Espaço Ceres - QVT/MAPA Espaço Ceres - QVT/MAPA   E11 BS2023000537 2023-437098 06/12/2023 Livros                

BINAGRI

Telefone: (61)3218-2567/2388/3357/2097 - binagri@agro.gov.br

Ministério da Agricultura e Pecuária , Esplanada dos Ministérios, Bloco D, Anexo B, Brasília/DF, CEP: 70.043-900